000 00740nam a2200265Ia 4500
003 EC-GqESP
005 20250605120200.0
008 250526s9999 xx 000 0 und d
020 _a9978-41-765-6
041 _aSPA
043 _aEC
082 _a577
100 _aBriones, E.
245 0 _aInventario de humedales del Ecuador Segunda parte: Humedales interiores de la provincia del Guayas Tomo II
_cJ. Gómez; A. Hidalgo; D. Tirira
250 _a1A ED.
260 _aQuito
_bECOCIENCIA
_c2001
300 _a209 p.
_bÍndice, Imgenes
_c29.5x22 cm
650 _aECUADOR
650 _aHumedales
650 _aRECURSOS HIDRICOS
700 _aGómez, J.
700 _aHidalgo, A.
700 _aTirira, D.
942 _c01
999 _c237941
_d237941